<?xml version="1.0" encoding="UTF-8"?><?xml-stylesheet type="text/xsl" href="static/style.xsl"?><OAI-PMH xmlns="http://www.openarchives.org/OAI/2.0/" xmlns:xsi="http://www.w3.org/2001/XMLSchema-instance" xsi:schemaLocation="http://www.openarchives.org/OAI/2.0/ http://www.openarchives.org/OAI/2.0/OAI-PMH.xsd"><responseDate>2026-04-18T05:25:29Z</responseDate><request verb="GetRecord" identifier="oai:www.recercat.cat:20.500.12327/1960" metadataPrefix="marc">https://recercat.cat/oai/request</request><GetRecord><record><header><identifier>oai:recercat.cat:20.500.12327/1960</identifier><datestamp>2025-10-22T11:05:07Z</datestamp><setSpec>com_2072_4428</setSpec><setSpec>com_2072_4427</setSpec><setSpec>col_2072_487898</setSpec></header><metadata><record xmlns="http://www.loc.gov/MARC21/slim" xmlns:dcterms="http://purl.org/dc/terms/" xmlns:xsi="http://www.w3.org/2001/XMLSchema-instance" xmlns:doc="http://www.lyncode.com/xoai" xsi:schemaLocation="http://www.loc.gov/MARC21/slim http://www.loc.gov/standards/marcxml/schema/MARC21slim.xsd">
   <leader>00925njm 22002777a 4500</leader>
   <datafield ind2=" " ind1=" " tag="042">
      <subfield code="a">dc</subfield>
   </datafield>
   <datafield ind2=" " ind1=" " tag="720">
      <subfield code="a">Agusti, Clara</subfield>
      <subfield code="e">author</subfield>
   </datafield>
   <datafield ind2=" " ind1=" " tag="720">
      <subfield code="a">Carbajal, Annaïs</subfield>
      <subfield code="e">author</subfield>
   </datafield>
   <datafield ind2=" " ind1=" " tag="720">
      <subfield code="a">Olvera-Maneu, Sergi</subfield>
      <subfield code="e">author</subfield>
   </datafield>
   <datafield ind2=" " ind1=" " tag="720">
      <subfield code="a">Domingo, Mariano</subfield>
      <subfield code="e">author</subfield>
   </datafield>
   <datafield ind2=" " ind1=" " tag="720">
      <subfield code="a">Lopez-Bejar, Manel</subfield>
      <subfield code="e">author</subfield>
   </datafield>
   <datafield ind2=" " ind1=" " tag="260">
      <subfield code="c">2022-07-08</subfield>
   </datafield>
   <datafield ind2=" " ind1=" " tag="520">
      <subfield code="a">The impacts of environmental changes and anthropogenic threats in marine mammals are a growing concern for their conservation. In recent years, efforts have been directed to understand how marine mammals cope with stressors and to assess and validate stress biomarkers, mainly levels of glucocorticoid hormones (e.g. cortisol) in certain body tissues. The aims of this study were to assess the impact of different causes of stranding (chronically affected and bycaught striped dolphins) on cortisol concentrations in serum and in blubber; and to evaluate the association between cortisol levels in these tissues. Blubber and blood samples were collected from striped dolphins (n = 42) stranded on the Mediterranean coast between 2012 and 2018. Cortisol concentrations were measured by using enzyme immunoassay. A high correlation was found between circulating and blubber cortisol concentrations (R2 = 0.85, p &lt; 0.01). Necropsies and pathological studies concluded that a third of the dolphins were bycaught in fishing nets and released by fishermen (Bycaught animals group), while the other two thirds were euthanized, or died, due to a disease or chronic condition (e.g. calves separated from the mother or animals infected with dolphin morbillivirus or Brucella ceti) that impeded survival (Chronically affected animals group). Cortisol concentrations (mean ± SD) were six times higher in chronically affected animals (35.3 ± 23 ng cortisol/g blubber and 6.63 ± 3.22 μg cortisol/dl serum) compared to those bycaught in fishing nets (6.2 ± 4.3 ng cortisol/g blubber and 1.15 ± 1.51 μg cortisol/dl serum). Results suggests that serum and blubber cortisol concentrations can contribute in inferring the overall health and welfare of free-ranging cetaceans. However, further research is required to understand better the kinetics of blubber cortisol incorporation and removal, the factors involved in these processes, and the local conversion of cortisol in the blubber.</subfield>
   </datafield>
   <datafield ind1="8" ind2=" " tag="024">
      <subfield code="a">Agusti, Clara, Annaïs Carbajal, Sergi Olvera-Maneu, Mariano Domingo, and Manel Lopez-Bejar. 2022. "Blubber And Serum Cortisol Concentrations As Indicators Of The Stress Response And Overall Health Status In Striped Dolphins". Comparative Biochemistry And Physiology Part A: Molecular &amp;Amp; Integrative Physiology 272: 111268. doi:10.1016/j.cbpa.2022.111268.</subfield>
   </datafield>
   <datafield ind1="8" ind2=" " tag="024">
      <subfield code="a">1095-6433</subfield>
   </datafield>
   <datafield ind1="8" ind2=" " tag="024">
      <subfield code="a">http://hdl.handle.net/20.500.12327/1960</subfield>
   </datafield>
   <datafield ind1="8" ind2=" " tag="024">
      <subfield code="a">https://doi.org/10.1016/j.cbpa.2022.111268</subfield>
   </datafield>
   <datafield ind2="0" ind1="0" tag="245">
      <subfield code="a">Blubber and serum cortisol concentrations as indicators of the stress response and overall health status in striped dolphins</subfield>
   </datafield>
</record></metadata></record></GetRecord></OAI-PMH>